00735 2200277 4500001002100000005001500021035002000036007000300056008004100059020002200100082001000122084001600132100002200148245006800170250001000238260004800248300003700296500001100333500001400344650002500358504003000383990001100413990001100424990001100435990001100446INLIS00000000000567920200630082857 a0010-0420000073ta200630 g 0 ind  a978-602-855-200-4 a959.8 a959.8 DIN e0 aDINDA, Mahariesti1 aEnsiklopedi Benda-benda Unik dari Indonesia /cDinda Mahariesti acet.3 aJakarta :bTalenta Pustaka Indonesia,c2014 aviii,103 hlm. :bilus. ;c25 cm. aIndeks aGlosarium 4aKEBUDAYAAN INDONESIA aBibliografi : hlm.101-103 a7426 a a7426 b a7426 c a7426 d